|
|
|
|
| LEADER |
00863nam a2200205 a 4500 |
| 001 |
1839 |
| 008 |
130620s1984 sz a i000 0 eng d |
| 010 |
|
|
|a 85136466
|
| 040 |
|
|
|a DLC
|c DLC
|d DLC
|d BD-DhAAL
|
| 082 |
0 |
0 |
|a 338.1/9
|2 19
|
| 100 |
1 |
|
|a Garcia, Rolando,
|d 1919-
|
| 245 |
1 |
0 |
|a Food systems and society :
|b a conceptual and methodological challenge /
|c Rolando Garcia.
|
| 260 |
|
|
|a Geneva :
|b United Nations Research Institute for Social Development (UNRISD),
|c c1984.
|
| 300 |
|
|
|a iii, 73 p. :
|b ill. ;
|c 21 cm.
|
| 490 |
|
0 |
|a Food systems and society series
|
| 541 |
|
|
|e 1839
|
| 650 |
|
0 |
|a Food supply
|x Government policy.
|
| 852 |
1 |
|
|a Ayesha Abed Library
|j General shelf.
|
| 999 |
|
|
|c 13619
|d 13619
|
| 952 |
|
|
|0 0
|1 0
|2 ddc
|4 0
|6 338_190000000000000_GAR
|7 0
|9 22788
|a BRACUL
|b BRACUL
|c GEN
|d 2013-06-23
|g 0.00
|l 0
|o 338.19 GAR
|p 3010001839
|r 2013-06-23
|t 1
|w 2013-06-23
|y BK
|z Not price in Register
|